Indian Culture Art and Heritage: for Civil Services Examination/ (Record no. 189308)

MARC details
000 -LEADER
fixed length control field 00586nam a22001697a 4500
005 - DATE AND TIME OF LATEST TRANSACTION
control field 20220623114229.0
010 ## - LCCN (DPL NO)
LC control number Rohit
020 ## - INTERNATIONAL STANDARD BOOK NUMBER
International Standard Book Number 9789390531615
Terms of availability 695
037 ## - SOURCE OF ACQUISITION
Source of stock number/acquisition Pearson India Education
100 ## - MAIN ENTRY--PERSONAL NAME
Personal name Pattanaik Devdutt
245 ## - TITLE STATEMENT
Title Indian Culture Art and Heritage: for Civil Services Examination/
Statement of responsibility, etc Devdutt Pattanik
260 ## - PUBLICATION, DISTRIBUTION, ETC. (IMPRINT)
Place of publication, distribution, etc Uttar Pradesh
Name of publisher, distributor, etc Pearson
Date of publication, distribution, etc 2021
270 ## - ADDRESS
Address 15th Floor, Tower-B, World Trade Tower,Plot no. 1 Block -C, Sector 16.Noida ,
City Uttar Pradesh
Postal code 201301
300 ## - PHYSICAL DESCRIPTION
Extent xi,471p
Other physical details ill.
Dimensions 25cm (pb)
500 ## - GENERAL NOTE
General note Photo Credites
942 ## - ADDED ENTRY ELEMENTS (KOHA)
Source of classification or shelving scheme Dewey Decimal Classification
Item type English Books
Edition 2021
Call number prefix Aik

No items available.


© Delhi Public Library
Hit Counter
free hit counter